Countries With Wild Warthogs - Statistics

General Stats
  • This quiz has been taken 55 times
  • The average score is 33 of 40
Answer Stats
Country % Correct
Kenya
93%
Niger
93%
Nigeria
93%
Sudan
93%
Democratic Republic of the Congo
90%
South Africa
90%
Angola
88%
Chad
88%
Republic of the Congo
88%
Central African Republic
86%
Ethiopia
86%
Mali
86%
Namibia
86%
Senegal
86%
South Sudan
86%
Togo
86%
Eritrea
83%
Ghana
83%
Liberia
83%
Malawi
83%
Rwanda
83%
Tanzania
83%
Uganda
83%
Zimbabwe
83%
Botswana
81%
Burundi
81%
Gambia
81%
Mozambique
81%
Somalia
81%
Zambia
81%
Benin
79%
Cameroon
79%
Djibouti
79%
Eswatini
76%
Guinea
76%
Ivory Coast
76%
Burkina Faso
74%
Guinea-Bissau
71%
Mauritania
69%
Sierra Leone
67%
No matching quizzes found
Score Distribution
Percent of People with Each Score
Percentile by Number Answered
Your Score History
You have not taken this quiz